00998nam a2200229 a 45000010005000000030009000050080041000140400028000550820016000831000065000992450107001642600044002713000015003156500057003306500036003876500056004236500050004796500060005299420012005899990017006019520150006189551CO-ViMGA141112s2004 ck r 000 u spa d aCO-ViMGAbspacCO-ViMGA04a651.75 G6431 aGonzalez de Rios ; Beatriz, Diaz Giraldo Luz Marina, 91064610aCorrespondencia Comercial : bLas comunicaciones Empresariales, mejores recursos humanos en la empresa aSantafé de Bogotá : bNorma, c1998 a206p. : il14aNORMAS GENERALES PARA ESCRITURA MECANOGRAFICA91064714aORGANIZACION DE ARCHIVOS91064814aPRINCIPIOS GENERALES DE CORRECION IDIOMATICA91064914aREDACCION DE COMUNCACIONES DE NEGOCIOS91065014aTECNOLOGIA EN EL PROCESAMIENTO DE LA INFORMACION910651 2ddccBK c21032d21032 00102ddc40708002aMEVIECARbMEVIECARd2015-12-04hVolumen. 1 | 11/jun/2009l0o651.75 G643 p9551r2015-12-04 00:00:00tEj. 1w2015-12-04yBK